000 01132nam a2200253 a 4500
001 55779
003 BD-RjUL
005 20211209080319.0
008 161121m19671965ii ||||| |||| 00| 0 ben d
020 _c: IRs 18.75
035 _a(BD-RjUL)55903
040 _aBD-RjUL
_bben
_cBD-RjUL
041 _aben
082 _223
_a891.4409
_bBAB 1967
100 _aবন্দ্যোপাধ্যায়, শ্রীকুমার
_9166103
245 1 0 _aবাংলা সাহিত্যের বিকাশের ধারা /
_cশ্রীকুমার বন্দ্যোপাধ্যায়
250 _a৩য় সুং .
260 _aকলিকাতা :
_b.ওরিয়েন্ট বুক,
_c১৯৬৭
300 _a খণ্ড. ;
_c২১ সেমি .
505 0 _aখণ্ড ১. আদি ও মধ্য যুগ -- খণ্ড ২. আধুনিক যুগ
650 _aবাংলা সাহিত্য
_xইতিহাস ও সমালোচনা
_9166104
650 _aBengali Literature
_xHistory & Criticism
_9166105
942 _2ddc
_cBK
_01
999 _c55779
_d55779